French: Numbers (Clickable) Quiz Stats

 Plays Quiz not verified by Sporcle

Score 0/30 Timer 05:00
2 Plays Today
% Correct
one
90.4%
six
90.4%
nine
89.6%
three
89.4%
five
89.1%
seven
88.7%
ten
88.5%
nineteen
88%
eight
87.4%
two
87.3%
eleven
87.2%
four
86.5%
eighteen
86.2%
twelve
86.1%
seventeen
85.8%
% Correct
million
85.7%
thirty
85.5%
hundred
83.9%
twenty
83.9%
fifty
80.5%
forty
80.3%
thirteen
80.2%
fifteen
79.8%
thousand
79.5%
fourteen
79.4%
sixty
78.6%
seventy
76.8%
eighty
75.8%
sixteen
72%
ninety
71.3%

You're not logged in!

Compare scores with friends on all Sporcle quizzes.
OR
Log In

Show Comments

Extras

Top Quizzes Today


Score Distribution

Your Account Isn't Verified!

In order to create a playlist on Sporcle, you need to verify the email address you used during registration. Go to your Sporcle Settings to finish the process.

Report this User

Report this user for behavior that violates our Community Guidelines.

Details: